| Tag |
First Indicator |
Second Indicator |
Subfields |
| LEADER |
00000cas a2200000 a 4500 |
| 001 |
in00000078512 |
| 005 |
20151008052824.0 |
| 008 |
810321d19791995nyuar1 1 a0eng d |
| 010 |
|
|
|a 83646479
|z sn 82000465
|
| 022 |
0 |
|
|a 0278-1727
|9 0146-6725
|
| 030 |
|
|
|a MBANDD
|
| 035 |
|
|
|a (OCoLC)07246538
|
| 035 |
|
|
|9 AAH5037AM
|
| 040 |
|
|
|a YDM
|c YDM
|d NSD
|d SER
|d DLC
|d NSD
|d DLC
|d NST
|d NSD
|d NST
|d TXA
|d UtOrBLW
|
| 042 |
|
|
|a nsdp
|a lc
|
| 049 |
|
|
|a TXAE
|
| 050 |
0 |
0 |
|a QD98.E4
|b M5
|
| 090 |
|
|
|a QH212.E4
|b M5
|
| 210 |
0 |
|
|a Microbeam anal.
|
| 222 |
|
0 |
|a Microbeam analysis
|
| 245 |
0 |
0 |
|a Microbeam analysis :
|b proceedings of the ... annual conference of the Microbeam Analysis Society.
|
| 246 |
1 |
0 |
|a Proceedings of the ... annual conference of the Microbeam Analysis Society
|
| 264 |
|
1 |
|a San Francisco, Calif. :
|b San Francisco Press,
|c ©1979-©1995.
|
| 300 |
|
|
|a 16 volumes :
|b illustrations ;
|c 29 cm.
|
| 310 |
|
|
|a Annual
|
| 336 |
|
|
|a text
|b txt
|2 rdacontent
|
| 337 |
|
|
|a unmediated
|b n
|2 rdamedia
|
| 338 |
|
|
|a volume
|b nc
|2 rdacarrier
|
| 362 |
0 |
|
|a 14th (1979)-29th (1995).
|
| 500 |
|
|
|a Proceedings for the 27th annual meeting published jointly with the proceedings for the 50th annual meeting of the Electron Microscopy Society of America, and the 19th annual meeting of the Microscopical Society of Canada.
|
| 500 |
|
|
|a Imprint varies: New York, N.Y. : VCH Publishers, c1995-
|
| 504 |
|
|
|a Includes bibliographical references.
|
| 510 |
0 |
|
|a Chemical abstracts
|x 0009-2258
|
| 580 |
|
|
|a Absorbed by: Microscopy Society of America. Meeting. Proceedings.
|
| 650 |
|
0 |
|a Electron probe microanalysis
|x Congresses.
|
| 650 |
|
0 |
|a Microprobe analysis
|x Congresses.
|
| 710 |
2 |
|
|a Microbeam Analysis Society.
|
| 780 |
0 |
0 |
|a Microbeam Analysis Society.
|t Proceedings. Annual conference
|x 0146-6275
|w (DLC)sc 79003177
|w (OCoLC)2979843
|
| 785 |
1 |
4 |
|a Microscopy Society of America. Meeting.
|t Proceedings
|x 1083-0375
|w (DLC)sn 95005085
|w (OCoLC)32661911
|
| 948 |
|
|
|a t2
|
| 999 |
|
|
|a MARS
|
| 999 |
f |
f |
|s d42482f9-7ba8-3fd7-b975-5bc8b0ce04db
|i ad0f5c4a-a718-355e-a13c-d5958f8cecc9
|t 0
|
| 952 |
f |
f |
|p ric
|a Texas A&M University
|b Rellis Campus
|c Joint Library Facility
|d Remote Storage
|t 0
|e QH212.E4 M5
|h Library of Congress classification
|i unmediated -- volume
|k 17th
|l 1982
|m A14807543373
|
| 952 |
f |
f |
|p ric
|a Texas A&M University
|b Rellis Campus
|c Joint Library Facility
|d Remote Storage
|t 0
|e QH212.E4 M5
|h Library of Congress classification
|i unmediated -- volume
|k 18th
|l 1983
|m A14807543315
|
| 952 |
f |
f |
|p ric
|a Texas A&M University
|b Rellis Campus
|c Joint Library Facility
|d Remote Storage
|t 0
|e QH212.E4 M5
|h Library of Congress classification
|i unmediated -- volume
|k 24th
|l 1989
|m A14813464553
|
| 952 |
f |
f |
|p ric
|a Texas A&M University
|b Rellis Campus
|c Joint Library Facility
|d Remote Storage
|t 0
|e QH212.E4 M5
|h Library of Congress classification
|i unmediated -- volume
|k 20th
|l 1985
|m A14808416511
|
| 952 |
f |
f |
|p ric
|a Texas A&M University
|b Rellis Campus
|c Joint Library Facility
|d Remote Storage
|t 0
|e QH212.E4 M5
|h Library of Congress classification
|i unmediated -- volume
|k 26th
|l 1991
|m A14815131669
|
| 952 |
f |
f |
|p ric
|a Texas A&M University
|b Rellis Campus
|c Joint Library Facility
|d Remote Storage
|t 0
|e QH212.E4 M5
|h Library of Congress classification
|i unmediated -- volume
|k 25th
|l 1990
|m A14813717558
|
| 952 |
f |
f |
|p ric
|a Texas A&M University
|b Rellis Campus
|c Joint Library Facility
|d Remote Storage
|t 0
|e QH212.E4 M5
|h Library of Congress classification
|i unmediated -- volume
|k 15th
|l 1980
|m A14807204628
|
| 952 |
f |
f |
|p ric
|a Texas A&M University
|b Rellis Campus
|c Joint Library Facility
|d Remote Storage
|t 0
|e QH212.E4 M5
|h Library of Congress classification
|i unmediated -- volume
|k 21st
|l 1986
|m A14809732091
|
| 952 |
f |
f |
|p ric
|a Texas A&M University
|b Rellis Campus
|c Joint Library Facility
|d Remote Storage
|t 0
|e QH212.E4 M5
|h Library of Congress classification
|i unmediated -- volume
|k 22nd
|l 1987
|m A14811260725
|
| 952 |
f |
f |
|p ric
|a Texas A&M University
|b Rellis Campus
|c Joint Library Facility
|d Remote Storage
|t 0
|e QH212.E4 M5
|h Library of Congress classification
|i unmediated -- volume
|k 19th
|l 1984
|m A14808104805
|
| 952 |
f |
f |
|p ric
|a Texas A&M University
|b Rellis Campus
|c Joint Library Facility
|d Remote Storage
|t 0
|e QH212.E4 M5
|h Library of Congress classification
|i unmediated -- volume
|k 29th
|l 1995
|m A14819332576
|
| 952 |
f |
f |
|p ric
|a Texas A&M University
|b Rellis Campus
|c Joint Library Facility
|d Remote Storage
|t 0
|e QH212.E4 M5
|h Library of Congress classification
|i unmediated -- volume
|k 14th
|l 1979
|m A14807204563
|
| 952 |
f |
f |
|p ric
|a Texas A&M University
|b Rellis Campus
|c Joint Library Facility
|d Remote Storage
|t 0
|e QH212.E4 M5
|h Library of Congress classification
|i unmediated -- volume
|k 16th
|l 1981
|m A14807543438
|
| 952 |
f |
f |
|p ric
|a Texas A&M University
|b Rellis Campus
|c Joint Library Facility
|d Remote Storage
|t 0
|e QH212.E4 M5
|h Library of Congress classification
|i unmediated -- volume
|k 23rd
|l 1988
|m A14811268804
|
| 998 |
f |
f |
|a QH212.E4 M5
|s 14th-26th,29th (1979-1991,1995)
|t 0
|l Remote Storage
|